Visualizzazione normale
Vista MARC
- Skubikowski Jacek
di Personal Name
Records bibliografici associati: 1
001 - CONTROL NUMBER
- control field: 24417
003 - CONTROL NUMBER IDENTIFIER
- control field: IT-RoPau
005 - DATE AND TIME OF LATEST TRANSACTION
- control field: 20140511095634.0
008 - FIXED-LENGTH DATA ELEMENTS
- fixed length control field: 140511|| aca||aabn | a|a d
040 ## - CATALOGING SOURCE
- Original cataloging agency: IT-RoPau
- Transcribing agency: IT-RoPau
100 ## - HEADING--PERSONAL NAME
- Personal name: Skubikowski Jacek
- Dates associated with a name: Codice autore testo/musica SPICS: 17418
- Relator term: Autore testo/musica
- Name of part/section of a work: Tacy Sami
670 ## - SOURCE DATA FOUND
- Source citation: Work cat.: (IT-RoPau)99421: AA.VV. 794, Opole 88-Przeboje